Statistics for 重庆市县级行政区划

Click here to take the quiz!

General Stats

  • This quiz has been taken 162 times
  • The average score is 26 of 38

Answer Stats

HintAnswer% Correct
重庆市万州区
90%
江北区
90%
渝中区
87%
渝北区
87%
涪陵区
83%
沙坪坝区
82%
九龙坡区
78%
南岸区
76%
大足区
75%
巫山县
75%
北碚区
74%
开州区
72%
大渡口区
71%
巴南区
71%
黔江区
71%
奉节县
69%
武隆区
69%
璧山区
69%
酉阳土家族自治县
68%
石柱土家族自治县
67%
秀山土家族自治县
66%
江津区
66%
綦江区
66%
丰都县
66%
铜梁区
66%
合川区
66%
城口县
65%
忠县
62%
云阳县
62%
长寿区
61%
巫溪县
61%
永川区
60%
潼南区
59%
彭水土家族自治县
57%
梁平区
56%
荣昌区
56%
南川区
55%
垫江县
53%

Score Distribution

Percentile by Number Answered

Percent of People with Each Score

Your Score History

You have not taken this quiz